000 00527nam a22001817a 4500
005 20230406140421.0
008 230406b ||||| |||| 00| 0 eng d
040 _aIN-DiNC
_cIN-DiNC
041 _dasm
082 _a305.8
_bDAS
100 _aDas, Munindra
_eauthor
245 _aJanajatikaranar dabi aru janagosthiya andolan/
_cby Munindra Das
250 _a1st ed.
260 _aGuwahati:
_bAssam book trust,
_c2015.
300 _a304p.
650 _aDemand of Scheduled tribes status and ethnic movement
942 _2ddc
_cBK
999 _c11532
_d11532